[Event "Centralserbian-chT 2020"]
[Site "Bajina basta"]
[Date "2020.10.15"]
[Round "9.17"]
[White "Zlatanovic, Boroljub"]
[Black "Banjovic, Sasa"]
[Result "1-0"]
[WhiteElo "2372"]
[BlackElo "2121"]
[Annotator "TA"]
[PlyCount "81"]
[EventDate "2020.10.10"]
[EventType "team-tourn"]
[EventCountry "SRB"]
[SourceTitle "playchess.com"]
[Source "ChessBase"]
[SourceQuality "1"]

{[%evp 12,81,64,58,105,98,113,111,113,111,118,106,115,110,142,132,130,131,136,139,136,81,98,96,117,63,108,58,61,64,63,54,93,56,97,64,75,64,68,49,82,45,51,34,42,15,15,0,15,0,8,0,15,15,57,52,54,31,46,32,39,36,80,31,77,80,96,67,465,384,437,427]} 1. Nc3 e6 2. e4 d5 3. exd5 exd5 4. d4 Bb4 5. Bd3 Ne7 6. Qh5 c5 7. dxc5 $1 {[#]} Qd7 $146 {C01: French: Exchange Variation.} ({Predecessor:} 7... Nd7 8. Nf3 Nxc5 9. Bb5+ Bd7 10. Bxd7+ Qxd7 11. O-O O-O 12. Ne2 Ne4 13. Ng5 h6 14. Nh3 Bc5 15. Qf3 {0-1 (71) Jovanovic,Z (2518)-Nikolic,P (2618) Sarajevo 2015}) 8. Nge2 Qg4 9. Qxg4 Bxg4 {White is better.} 10. f3 Be6 11. Be3 Nd7 12. Bb5 Rc8 13. O-O-O Bxc5 14. Bxc5 Rxc5 15. Nd4 a6 16. Bxd7+ ({White should try} 16. Bd3) 16... Kxd7 $16 17. Rhe1 b5 18. Nce2 ({Better is} 18. f4 $16) 18... Nf5 19. Nxf5 Bxf5 20. Nd4 Be6 21. Re3 h5 22. h4 Rcc8 23. Kd2 g6 24. Rde1 {[%cal Rd4e6]} Rhe8 25. Ra3 Ra8 26. Rc3 Rac8 27. Rxc8 Rxc8 $14 {[%mdl 4096] Endgame KRB-KRN} 28. b3 Kd6 29. Re3 Bd7 30. Rc3 Re8 31. Re3 Rc8 32. b4 f6 33. Ra3 Ra8 34. Nb3 g5 35. g3 gxh4 36. gxh4 Bc8 37. Ke3 Ke5 38. Nd4 Bb7 39. Rc3 {[#] Rc7 is the strong threat.} Rc8 $2 {[%mdl 8192]} (39... Re8 $14) 40. f4+ $18 Kd6 41. Nf5+ {Av CentiPawn Loss W=-17/B=-30. Weighted=-17/-34} 1-0

[Event "Centralserbian-chT 2020"]
[Site "Bajina basta"]
[Date "2020.10.16"]
[Round "10.1"]
[White "Ivic, Velimir"]
[Black "Ristic, Nebojsa B"]
[Result "1-0"]
[WhiteElo "2548"]
[BlackElo "2312"]
[Annotator "TA"]
[PlyCount "61"]
[EventDate "2020.10.10"]
[EventType "team-tourn"]
[EventCountry "SRB"]
[SourceTitle "playchess.com"]
[Source "ChessBase"]
[SourceQuality "1"]

{[%evp 9,61,27,44,40,47,46,71,60,67,65,58,64,70,64,56,58,66,70,115,128,102,82,132,106,156,120,295,275,431,143,450,437,592,606,708,662,950,932,1650,793,812,815,770,752,5485,5013,29991,29992,29992,29993,29994,29993,29997,29998]} 1. d4 d6 2. e4 g6 3. Nc3 Bg7 4. Be3 a6 5. g4 b5 6. Bg2 {B06: Modern Defence.} Bb7 7. h4 h6 {[#]} 8. g5 $146 {White is better.} ({Predecessor:} 8. Qd2 Nd7 9. a3 Ngf6 10. f3 c5 11. Nge2 Rc8 12. g5 hxg5 13. hxg5 Rxh1+ 14. Bxh1 {1-0 (58) Solodovnichenko,Y (2577)-Haub,T (2489) Cappelle-la-Grande 2011}) 8... hxg5 9. h5 ({Reject} 9. Bxg5 $6 Nd7 $11) 9... gxh5 10. Rxh5 Nf6 11. Rxh8+ Bxh8 12. Bxg5 Nbd7 13. Qd3 c6 14. Qh3 Bg7 15. f4 {Strongly threatening e5.} b4 16. Nd1 {e5 is the strong threat.} Qc7 17. Ne3 e6 $2 {[#]} (17... O-O-O $16) 18. O-O-O $18 Nb6 (18... O-O-O {was called for.} 19. e5 dxe5) 19. Ne2 $2 (19. e5 $18) 19... a5 $2 {[%mdl 8192] A mistake that costs the game.} (19... O-O-O $16 {is more resistant.}) 20. Qh4 Nfd7 21. e5 dxe5 22. fxe5 Nxe5 23. Qh7 Kf8 24. Bh6 (24. Nf4 $142) 24... Bxh6 25. Qxh6+ Ke7 26. Qh4+ f6 27. dxe5 Qxe5 28. Qh7+ {White mates.} Kf8 {[#]} 29. Be4 $1 Qg5 30. Bg6 {[%csl Gg6][%cal Rh7f7]} Qxe3+ 31. Kb1 {Av CentiPawn Loss W=-69/B=-161. Weighted=-29/-120} 1-0

[Event "Centralserbian-chT 2020"]
[Site "Bajina basta"]
[Date "2020.10.16"]
[Round "10.13"]
[White "Dimitrov, Radoslav"]
[Black "Delchev, Aleksander"]
[Result "1/2-1/2"]
[WhiteElo "2507"]
[BlackElo "2548"]
[Annotator "TA"]
[PlyCount "17"]
[EventDate "2020.10.10"]
[EventType "team-tourn"]
[EventCountry "SRB"]
[SourceTitle "playchess.com"]
[Source "ChessBase"]
[SourceQuality "1"]

{[%evp 10,17,10,7,13,0,16,16,261,-19]} 1. Nf3 d5 2. g3 c6 3. Bg2 Bg4 4. O-O e6 5. d3 Bd6 6. c4 Nf6 {A11: English Opening: 1...c6.} 7. Qb3 $1 {[%mdl 4] is more profitable than 7.Nc3 at the moment. Played by Peter Svidler in August 2020.} Qe7 {[#]} 8. Bg5 $146 ({Predecessor:} 8. Nc3 Na6 9. cxd5 exd5 10. e4 dxe4 11. dxe4 O-O 12. e5 Bxe5 13. Nxe5 Qxe5 14. Qxb7 {0-1 (32) Svidler,P (2723)-Carlsen,M (2863) chess24.com INT 2020}) 8... Qd8 $2 {[#]} (8... dxc4 $11 9. Qxc4 Nbd7) 9. Qd1 $2 ({White should try} 9. Bxf6 $18 gxf6 10. Qxb7 Bxf3 11. Bxf3 (11. Qxa8 Bxg2 12. Kxg2 Qb6 $16)) 1/2-1/2

[Event "Centralserbian-chT 2020"]
[Site "Bajina basta"]
[Date "2020.10.16"]
[Round "10.16"]
[White "Radovic, Janko"]
[Black "Todorovic, Goran M"]
[Result "1/2-1/2"]
[WhiteElo "2433"]
[BlackElo "2404"]
[Annotator "ChessBase"]
[PlyCount "20"]
[EventDate "2020.10.10"]
[EventType "team-tourn"]
[EventCountry "SRB"]
[SourceTitle "playchess.com"]
[Source "ChessBase"]
[SourceQuality "1"]

1. e4 e5 2. Nf3 Nf6 3. Nxe5 d6 4. Nf3 Nxe4 5. Nc3 Nxc3 6. dxc3 Be7 7. Bf4 Nc6 8. Qd2 Be6 9. O-O-O Qd7 10. Kb1 O-O 1/2-1/2

[Event "Centralserbian-chT 2020"]
[Site "Bajina basta"]
[Date "2020.10.16"]
[Round "10.17"]
[White "Radovanovic, Jovica"]
[Black "Radovic, Luka"]
[Result "1/2-1/2"]
[WhiteElo "2303"]
[BlackElo "2334"]
[Annotator "ChessBase"]
[PlyCount "21"]
[EventDate "2020.10.10"]
[EventType "team-tourn"]
[EventCountry "SRB"]
[SourceTitle "playchess.com"]
[Source "ChessBase"]
[SourceQuality "1"]

1. d4 d5 2. c4 e6 3. Nc3 Nf6 4. Nf3 Be7 5. Bg5 O-O 6. e3 h6 7. Bxf6 Bxf6 8. Rc1 c6 9. Bd3 Nd7 10. O-O b6 11. Ra1 1/2-1/2

[Event "Centralserbian-chT 2020"]
[Site "Bajina basta"]
[Date "2020.10.17"]
[Round "11.2"]
[White "Perunovic, Miodrag"]
[Black "Dizdarevic, Emir"]
[Result "1/2-1/2"]
[WhiteElo "2440"]
[BlackElo "2444"]
[Annotator "TA"]
[PlyCount "66"]
[EventDate "2020.10.10"]
[EventType "team-tourn"]
[EventCountry "SRB"]
[SourceTitle "playchess.com"]
[Source "ChessBase"]
[SourceQuality "1"]

{[%evp 12,66,23,14,50,-27,-27,-30,-29,-27,-18,-17,-25,-87,-41,-103,-66,-53,-53,-66,-47,-197,-187,-220,-111,-107,-104,-119,-111,-196,-165,-177,-172,-174,-176,-192,-170,-275,-253,-345,0,-10,0,0,0,0,-7,0,0,-9,524,0,0,0,0,0,0]} 1. d4 Nf6 2. c4 e6 3. Nf3 Bb4+ 4. Bd2 Bxd2+ 5. Qxd2 O-O 6. g3 d5 7. Bg2 Bd7 {[#] E11: Bogo-Indian.} 8. c5 $146 (8. O-O $14) ({Predecessor:} 8. O-O Bc6 9. cxd5 Bxd5 10. Nc3 c6 11. Rfd1 Nbd7 12. Qc2 Bxf3 13. Bxf3 Qe7 14. e4 e5 15. d5 {1-0 (38) Agrafenin,A (2130)-Janosi,E (1833) LSS email 2012}) 8... b6 9. cxb6 axb6 {Black has an edge.} 10. O-O c5 11. b3 Nc6 12. Rc1 (12. e3 $11) 12... Ne4 $17 13. Qb2 (13. Qd1 $1 $15) 13... Qf6 {[%cal Rc6d4]} 14. e3 cxd4 15. exd4 Rfc8 16. Rd1 (16. Na3 $15) 16... Nb4 $36 {[%mdl 2048] aiming for ...Rc2. Black is in control.} 17. Na3 Nc3 (17... Be8 $19 18. Rf1 b5) 18. Rd2 $17 Ncxa2 19. Ne5 Be8 20. Re1 (20. Nc2 $17) 20... Ra7 21. h4 Rac7 22. Kh2 h6 23. Ng4 Qd8 24. Re5 (24. Ne3 $142) 24... Nc3 25. Nc4 Na4 $2 ({Less strong is} 25... dxc4 26. Qxc3 Qd6 27. d5 $17) ({Black should try} 25... Nb5 $19 26. Na3 Qe7) 26. bxa4 $11 Rxc4 27. Ne3 Qd6 {Hoping for ...R4c7.} 28. Nxc4 dxc4 29. Qc3 Bxa4 30. d5 $1 {[%cal Rd5e6]} Rd8 $2 {[%mdl 8192] [#]} (30... Nxd5 $11 31. Bxd5 exd5 32. Rexd5 Qe7) 31. Qxc4 $2 ({White must play} 31. dxe6 $1 $18 {[%mdl 512]} Qxd2 (31... fxe6 32. Rxd6) 32. e7) 31... Qxe5 {The position is equal.} 32. Qxb4 {[%mdl 64] Double Attack} Be8 33. Qxb6 Qd6 {What a bad dream for Black. Av CentiPawn Loss W=-48/B=-44. Weighted=-71/-40} 1/2-1/2

[Event "Centralserbian-chT 2020"]
[Site "Bajina basta"]
[Date "2020.10.17"]
[Round "11.3"]
[White "Vratonjic, Slobo"]
[Black "Pavlovic, Dejan S"]
[Result "1-0"]
[WhiteElo "2341"]
[BlackElo "2390"]
[Annotator "TA"]
[PlyCount "79"]
[EventDate "2020.10.10"]
[EventType "team-tourn"]
[EventCountry "SRB"]
[SourceTitle "playchess.com"]
[Source "ChessBase"]
[SourceQuality "1"]

{[%evp 11,79,19,27,-81,43,2,0,0,2,-18,0,0,7,-32,-14,-10,0,-20,-4,-4,-7,-11,-21,-97,-65,-90,-70,-60,7,9,65,55,58,57,84,85,87,82,95,58,121,110,85,111,106,102,99,103,224,210,465,462,1186,1160,1010,697,850,768,763,761,743,733,5820,5820,5803,5787,5618,5390,5628,5614]} 1. e4 c5 2. Nf3 Nc6 3. Bb5 g6 4. Bxc6 dxc6 5. h3 Bg7 6. d3 Nf6 7. Be3 {[#] B31: Sicilian: 2...Nc6 3 Bb5 g6.} (7. O-O $11) 7... Nd7 {is the legacy move (7...Nxe4).} (7... Nxe4 $1 $17 {[%mdl 512]} 8. c3 (8. dxe4 Qxd1+) 8... Nd6) 8. c3 b6 9. O-O {The position is equal.} e5 {[#]} 10. d4 $146 ({Predecessor:} 10. a4 O-O 11. Na3 Re8 12. Nc4 Qc7 13. Qc2 Ba6 14. Rfd1 Nf8 15. a5 b5 16. Ncd2 {1-0 (62) Munkhzul,T (2278)-Buksa,N (2403) Moscow 2019}) 10... cxd4 11. cxd4 O-O 12. Qd2 Re8 13. Nc3 Bb7 14. Rfd1 Qe7 15. d5 Nf6 16. Bg5 Rad8 17. Qe2 (17. Rac1 $11) 17... cxd5 $17 18. exd5 e4 19. Nd4 {next Nc6 is good for White.} Bxd5 ({Black should play} 19... h6 $15 20. Bh4 g5) 20. Nf5 $1 $11 {[%cal Rf5e7]} Qe5 ({Black should try} 20... Qe6 $11 21. Nxg7 Kxg7) 21. Nxg7 $14 Kxg7 22. Qd2 $1 $36 {[%mdl 2048] aiming for Bxf6+. White fights for an advantage.} Bc6 23. Bh6+ Kg8 24. Qxd8 Rxd8 25. Rxd8+ Ne8 26. Rad1 f6 27. Be3 Kf7 28. Rc8 Qe6 29. Rdd8 Ke7 {[#] Black cannot hold the game after this.} (29... g5 $16) 30. Nd5+ $1 $18 Kf7 $2 (30... Qxd5 {was necessary.} 31. Rxd5 Bxd5) 31. Nc7 {White is clearly winning.} Qxa2 (31... Qe7 $142 32. Nxe8 Bxe8 33. Rxe8 Qxe8 34. Rxe8 Kxe8) 32. Nxe8 {Rc7+ would kill now.} Bxe8 33. Rxe8 Qxb2 34. Red8 Qa1+ 35. Rc1 Qa4 36. Rd4 Qa2 37. Rxe4 {White threatens Rc7+ and mate.} g5 38. Rc7+ Kg6 39. Ree7 a5 40. g4 {Av CentiPawn Loss W=-31/B=-77. Weighted=-35/-68} 1-0

[Event "Centralserbian-chT 2020"]
[Site "Bajina basta"]
[Date "2020.10.17"]
[Round "11.4"]
[White "Radovanovic, Dusan"]
[Black "Simonovic, Aleksandar"]
[Result "1-0"]
[WhiteElo "2326"]
[BlackElo "2375"]
[Annotator "TA"]
[PlyCount "92"]
[EventDate "2020.10.10"]
[EventType "team-tourn"]
[EventCountry "SRB"]
[SourceTitle "playchess.com"]
[Source "ChessBase"]
[SourceQuality "1"]

{[%evp 18,92,-9,-12,0,0,0,0,0,0,0,-17,-33,-70,-75,-80,0,-64,-66,-78,-64,-117,-112,-101,-111,-158,-158,-170,-151,-177,-123,-125,-30,-37,-43,-78,-68,-137,-110,-209,-217,-220,-207,-177,-203,-190,117,96,138,142,125,140,270,297,1260,1218,1558,1558,1558,1489,1541,1508,1470,1450,1325,1253,1238,1001,985,916,784,866,29956,29937,29976,29978,29972]} 1. e4 e6 2. d4 d5 3. Nc3 Bb4 4. e5 c5 5. a3 Bxc3+ 6. bxc3 Ne7 7. h4 Qc7 8. h5 h6 9. Nf3 {9.Rb1 gains popularity. Played by Maxime Vachier Lagrave in April 2020.} b6 10. a4 Ba6 {C19: French: 3 Nc3 Bb4: Main line: 7 Nf3 and 7 a4.} 11. Bb5+ Bxb5 12. axb5 a5 {The position is equal.} 13. O-O Nd7 14. Nh4 Rc8 15. Qg4 cxd4 16. cxd4 Qxc2 {[#]} (16... Rg8 $17) 17. Ba3 $146 (17. Qxg7 $11 Rh7 18. Qg3) ({Predecessor:} 17. Qxg7 Rg8 18. Qxh6 Qe4 19. Bg5 Nf5 20. Rac1 Rc4 21. Rxc4 dxc4 22. Nxf5 Qxf5 23. Be3 Rxg2+ 24. Kxg2 Qg4+ 25. Kh2 Qh4+ 26. Kg2 Qg4+ 27. Kh2 Qh4+ 28. Kg2 {½-½ (28) Tomczak,J (2564)-Bartel,M (2619) Chorzow 2013}) 17... Qe4 $1 $36 {[%cal Re4g4][%mdl 2048] Black has some pressure.} 18. Qxe4 (18. Qxg7 $2 Rg8 $19) 18... dxe4 19. Rfe1 (19. Rac1 $15) 19... Nd5 $17 20. Rxe4 Nc3 21. Ree1 Kd8 (21... Nxb5 22. d5 $17) 22. Bb2 Nxb5 23. d5 Rc2 ({Much less strong is} 23... exd5 24. Nf5 $15) (23... Rc4 $19 24. dxe6 fxe6) 24. Rab1 Rc5 ({Don't play} 24... exd5 25. Nf5 $15) (24... Rc4 $17 25. dxe6 fxe6) 25. dxe6 $11 fxe6 26. Ng6 Re8 27. Rbd1 ({White should play} 27. f4 $15) 27... Kc7 28. Re3 (28. f4 $17) 28... Rc2 $19 29. Ba1 a4 30. Rf3 {[#]} Nc5 $1 31. Rf7+ Kc6 $2 (31... Kb8 $19 {aiming for ...a3.} 32. Kh2 Nb3) 32. Ne7+ $16 {Black is on the road to losing.} Rxe7 33. Rxe7 a3 34. Rxg7 Nb3 (34... Nc7 $16) 35. g4 $18 Ra2 $2 {[#]} (35... Rc4 36. g5 hxg5) 36. g5 $1 Rxa1 37. Rxa1 Nxa1 38. gxh6 a2 39. Kh1 ({Stronger than} 39. h7 Nc2 $11) 39... Nb3 40. Rg1 Nc3 41. h7 Nb1 42. h8=Q {Black must now prevent Qa8+.} a1=Q 43. Qc8+ Kb5 44. Qd7+ Kc5 45. Qd6+ Kb5 46. Qd3+ {[%mdl 64] Double Attack} Kc5 {Av CentiPawn Loss W=-24/B=-79. Weighted=-21/-67} 1-0

[Event "Centralserbian-chT 2020"]
[Site "Bajina basta"]
[Date "2020.10.17"]
[Round "11.5"]
[White "Ravic, Nenad"]
[Black "Radivojevic, Ivan"]
[Result "1/2-1/2"]
[WhiteElo "2241"]
[BlackElo "2365"]
[Annotator "TA"]
[PlyCount "82"]
[EventDate "2020.10.10"]
[EventType "team-tourn"]
[EventCountry "SRB"]
[SourceTitle "playchess.com"]
[Source "ChessBase"]
[SourceQuality "1"]

{[%evp 9,82,1,14,0,8,14,17,10,35,17,46,46,55,46,59,28,34,34,38,25,38,37,58,29,39,0,0,-16,0,-11,-11,-16,-10,-10,-10,-19,-18,-26,-25,-26,-19,-25,-25,-41,-29,-32,-15,-16,-20,-14,0,-24,0,0,0,0,0,0,0,0,0,0,0,0,0,0,0,0,0,0,0,0,0,0,0]} 1. e4 c6 2. d4 d5 3. e5 Bf5 4. c4 e6 5. Nc3 Nd7 6. a3 {B12: Caro-Kann: Advance Variation.} dxc4 7. Bxc4 Ne7 8. Nge2 Nd5 9. O-O Be7 10. Ng3 {[#]} N7b6 $146 {[#] ...Nxc3 is the strong threat.} ({Predecessor:} 10... Bg6 11. f4 N7b6 12. Ba2 Qd7 13. Nce4 Rd8 14. Qf3 O-O 15. Bd2 Nc7 16. Be3 Nbd5 {1-0 (66) Svetushkin,D (2574)-Iovcov,V (2406) Kishinev 2016}) 11. Nxf5 exf5 12. Bd3 Qd7 13. Qf3 g6 14. Bh6 Nc7 15. Rfd1 Nbd5 16. Ne2 Bf8 17. Bxf8 (17. Bd2 {with more complications.} Bg7 18. Bc4 O-O 19. h4 h5 20. Bb3) 17... Kxf8 18. Ng3 Ne6 19. Bc4 Rd8 20. Rd3 Nb6 21. Bxe6 $1 Qxe6 22. Ne2 Nd5 23. b4 Kg7 24. Rb1 Rd7 25. h3 h5 26. h4 Rhd8 27. g3 Qe7 28. b5 cxb5 29. Rxb5 a6 30. Rb1 b5 31. Rc1 {The position is equal.} Rc7 32. Rc5 Rxc5 33. dxc5 Nc7 $1 34. Rxd8 Qxd8 35. Qc6 {Strongly threatening Qd6.} Qd1+ 36. Kg2 {Threatens to win with Nf4.} Ne6 37. Nf4 $1 {[%cal Rf4e6]} Nxf4+ 38. gxf4 Qg4+ {[%mdl 64] [#] Double Attack} 39. Kf1 Qd1+ 40. Kg2 Qg4+ {[%mdl 64] Double Attack} 41. Kf1 Qd1+ {Av CentiPawn Loss W=-6/B=-6. Weighted=-7/-6} 1/2-1/2

[Event "Centralserbian-chT 2020"]
[Site "Bajina basta"]
[Date "2020.10.17"]
[Round "11.6"]
[White "Marcetic, Nikola"]
[Black "Djakovac, Enes"]
[Result "1/2-1/2"]
[WhiteElo "2329"]
[BlackElo "2165"]
[Annotator "TA"]
[PlyCount "112"]
[EventDate "2020.10.10"]
[EventType "team-tourn"]
[EventCountry "SRB"]
[SourceTitle "playchess.com"]
[Source "ChessBase"]
[SourceQuality "1"]

{[%evp 13,112,0,2,0,12,0,0,0,0,0,0,0,25,18,25,26,22,26,25,18,18,-17,-10,-25,-6,-10,0,0,0,0,0,0,0,0,0,0,0,0,0,-135,-131,-230,-229,-233,-162,-179,-154,-721,-108,-108,-108,-108,-108,-191,-198,-118,-108,-277,-272,-428,-387,-789,-782,-752,-693,-1577,-1475,-5891,-2675,-5912,-7079,-5820,-5070,-6091,-1775,-1399,-878,-801,0,0,0,0,0,0,1958,0,0,0,0,0,12841,0,0,0,0,0,0,-12849,-12849,-12850,-12849]} 1. d4 Nf6 2. Bg5 e6 3. e3 d5 4. Nd2 h6 5. Bh4 Nbd7 6. Ngf3 Be7 7. Bd3 b6 {now supersedes 7...c5.} 8. a4 {[#] D03: 1 d4 d5 2 Nf3 Nf6 3 Bg5, including Torre Attack with early ...d5.} a6 $146 ({Predecessor:} 8... c5 9. c3 Bb7 10. Ne5 O-O 11. Bxf6 Bxf6 12. Nxd7 Qxd7 13. f4 a5 14. h4 Be7 15. g4 cxd4 16. cxd4 {½-½ (45) Hodgson,J (2545)-King,D (2500) London 1989}) 9. Qe2 Bb7 10. O-O {The position is equal.} Ne4 11. Bxe7 Qxe7 12. c4 O-O 13. cxd5 exd5 14. a5 b5 15. Nb3 Rac8 16. Rfc1 Qb4 17. Nfd2 (17. Qd1 {is interesting.} c5 18. Nxc5 Ndxc5 19. dxc5 Nxc5 20. Bf5) 17... c5 18. Bxe4 dxe4 19. dxc5 $1 Nxc5 20. Nxc5 Rxc5 21. Rxc5 Qxc5 22. Nb3 Qb4 23. Nd4 Rc8 24. b3 Bd5 25. h3 Qc3 ({Don't go for} 25... Bxb3 $2 26. Rb1 $18) 26. Qe1 (26. Rb1 $11) 26... Bxb3 $17 27. Nxb3 (27. Qxc3 $17 Rxc3 28. Kh2) 27... Qxb3 {[%mdl 4096] Endgame KQR-KQR} 28. Rd1 Qe6 29. Qd2 Kh7 $1 30. Qd6 $2 {[#]} (30. Qd4 $17) 30... Rc6 $2 (30... Rc1 $1 $19 {[%mdl 512] has better winning chances.} 31. Qd4 (31. Rxc1 Qxd6) 31... Rxd1+ 32. Qxd1 b4) 31. Qxe6 Rxe6 {KR-KR} 32. Rd7 Kg6 33. g4 (33. Rc7 $17) 33... Kf6 $19 34. Kg2 (34. h4 $19) 34... g5 35. Kg3 $2 (35. Kf1 $17) 35... Rc6 36. Rb7 (36. f4 {was called for.} exf3 37. Kxf3) 36... Ke6 37. h4 $2 (37. f3 Rc3 38. Kf2) 37... gxh4+ 38. Kxh4 Kd5 39. Rxf7 b4 {[%cal Bb5b4,Bb4b3,Bb3b2][%mdl 32]} 40. Rb7 Kc4 41. Kg3 b3 42. Kf4 Kc3 43. Kxe4 b2 44. Kd5 Rc8 45. f4 Kc2 $2 ({Black should try} 45... Rd8+ $19 46. Ke4 Rd1 47. Rxb2 Kxb2) 46. f5 $11 {Strongly threatening f6.} Rc3 47. Rxb2+ Kxb2 {KR-KP} 48. e4 {Black must now prevent e5.} Ra3 $2 {[%mdl 8192]} (48... Rd3+ $11 49. Kc6 Rf3) 49. f6 $2 (49. e5 $18 Rd3+ 50. Ke4) 49... Rxa5+ {KR-K3P} 50. Kd6 Ra1 $1 {next ...Kc3 is good for Black.} 51. e5 Rd1+ $2 {[%mdl 8192] [#]} (51... Rf1 $11) 52. Kc5 $2 ({Only move:} 52. Ke7 $1 $18 Rc1 53. e6) 52... Rf1 53. Kd5 {Hoping for e6.} Rd1+ $1 54. Kc5 Rf1 55. e6 $2 {[%mdl 8192]} (55. Kd5 $11 Rd1+ 56. Ke6) 55... Rxf6 $19 56. Kd4 Rf1 {[%mdl 32768] Av CentiPawn Loss W=-138/B=-123. Weighted=-171/-163. An unexpected result.} 1/2-1/2

[Event "Centralserbian-chT 2020"]
[Site "Bajina basta"]
[Date "2020.10.17"]
[Round "11.7"]
[White "Narancic, Vlado"]
[Black "Kojovic, Dragan"]
[Result "1-0"]
[WhiteElo "2281"]
[BlackElo "2307"]
[Annotator "TA"]
[PlyCount "125"]
[EventDate "2020.10.10"]
[EventType "team-tourn"]
[EventCountry "SRB"]
[SourceTitle "playchess.com"]
[Source "ChessBase"]
[SourceQuality "1"]

{[%evp 9,125,-20,-10,-4,-14,-26,-4,-14,-6,-7,-3,-8,0,0,0,0,0,0,0,-4,0,0,0,-3,0,-6,16,-25,18,19,65,-50,-46,-58,-47,-165,-104,-104,-89,-82,-88,-148,-151,-144,-73,-64,-62,-193,-177,-195,-183,-304,-310,-309,-278,-391,-410,-406,-406,-422,-410,-347,-233,-209,-211,-212,-192,-196,-178,-167,-172,-236,-195,-181,-108,-95,0,-8,-8,-8,-8,-8,0,0,0,0,0,0,0,0,0,0,0,0,0,1,36,36,36,36,36,-8,-8,-8,69,69,5084,5073,5047,4972,4935,4874,4702,4674,4627,1480,1184,931]} 1. Nf3 d5 2. g3 g6 3. Bg2 Bg7 4. d3 Nf6 5. c3 O-O 6. Nbd2 {A07: Réti Opening: New York and Capablanca Systems.} b6 7. Qc2 Nbd7 8. O-O {The position is equal.} e5 9. Re1 Bb7 10. e4 dxe4 11. dxe4 Re8 12. b4 a5 13. a3 Qe7 14. Bb2 {[#]} Rec8 $146 ({Predecessor:} 14... a4 15. Rad1 Red8 16. c4 c5 17. b5 Ne8 18. Nf1 Nc7 19. Ne3 Ne6 20. Nd5 Qf8 {½-½ (39) Gavryushin,D (2108)-Lavrov,M (2384) Kolomna 2018}) 15. Bf1 Ne8 16. Nc4 Nd6 17. Nfd2 Bh6 18. Ne3 Nf6 {[%cal Rf6e4]} 19. f3 c5 20. Qb3 (20. Ndc4 $14 Nxc4 21. Nxc4) 20... a4 $36 {[%mdl 2048] Black has good play.} 21. Qa2 b5 22. bxc5 {[#]} (22. Rad1 $15) 22... Rxc5 (22... Nf5 $1 $19 {[%mdl 512]} 23. Ndc4 (23. exf5 $2 Qxc5 24. Ndc4 Bxf3 $19) (23. Nxf5 Qxc5+) 23... bxc4 24. exf5 Bxe3+ 25. Rxe3 Qxc5) 23. c4 Ba6 24. Bc3 bxc4 25. Qc2 (25. Kg2 $142) 25... Qa7 $17 26. Kg2 Bxe3 (26... Nb5 $142 $1 27. Rad1 Nxc3 28. Qxc3 Rb8) 27. Rxe3 Nb5 28. Bb4 {[#]} (28. Qxa4 $15 Rd5 29. exd5 Qxe3 30. Bb4) 28... Rcc8 $1 $19 29. Rae1 {[#]} c3 $1 {[%mdl 512]} 30. Nb1 (30. Bxc3 {was worth a try.} Nxa3 31. Qa2) 30... Nd4 31. Qf2 Bxf1+ 32. Rxf1 (32. Qxf1 {only move.} c2 33. Nc3) 32... c2 33. Nc3 Nb3 34. Ree1 Qxf2+ 35. Kxf2 c1=Q 36. Rxc1 Nxc1 37. Rxc1 Rc4 38. Rd1 Kg7 39. Ke3 g5 40. Rd2 (40. Nb5 {was necessary.}) 40... h6 41. Nb5 Rb8 (41... Ne8 $19 42. Rd5 f6) 42. Nd6 $17 Rcxb4 (42... Rc6 $17 43. g4 h5 44. Nf5+ Kh7) 43. axb4 Rxb4 {[%mdl 4096] Endgame KRN-KRN} 44. Nf5+ Kg6 {Threatens to win with ...a3.} 45. Rd6 $1 Rb3+ 46. Ke2 {[#]} g4 $1 {[%mdl 512]} 47. fxg4 a3 48. Ne7+ Kg7 {Strongly threatening ...a2.} (48... Kg5 $5 49. h4+ $8 Kxg4 50. Rxf6 {[%mdl 64] Double Attack} a2 $14) 49. Nf5+ Kg6 {Hoping for ...a2.} 50. Ne7+ Kg5 51. h4+ Kxg4 52. Rxf6 $11 {[%mdl 64] Double Attack. KRN-KR} a2 53. Ra6 Rxg3 {And now ...Rg1 would win.} 54. Nf5 Rh3 {...Kf4 is the strong threat.} 55. Nxh6+ Kf4 56. Nxf7 Rxh4 (56... Rh1 $1 $11 57. h5 a1=Q 58. Rxa1 Rxa1) 57. Kd3 $1 $14 Rh7 $2 {[%mdl 8192]} (57... Rh3+ $14 58. Kc4 Rh1 59. Rxa2 Kxe4) 58. Rxa2 $18 {White is clearly winning.} Rh3+ 59. Kc4 Rh1 60. Nd6 Rd1 61. Kc5 Rc1+ 62. Kd5 Rd1+ 63. Ke6 {White used his chance. Av CentiPawn Loss W=-40/B=-21. Weighted=-28/-60} 1-0